[Event "11th WUCC Men"]
[Site "Zuerich SUI"]
[Date "2010.09.07"]
[Round "4"]
[White "Darini,P"]
[Black "Lysyj,I"]
[Result "0-1"]
[WhiteElo "2430"]
[BlackElo "2638"]
[EventDate "2010.09.05"]

1. e4 e6 2. d4 d5 3. Nc3 Nf6 4. Bg5 dxe4 5. Nxe4 Nbd7 6. Nf3 h6 7. Nxf6+
Nxf6 8. Be3 Ng4 9. Bd3 Nxe3 10. fxe3 Bd6 11. O-O O-O 12. e4 e5 13. c3 Qe7
14. Kh1 c6 15. Qe2 Bg4 16. Qf2 Rad8 17. Nh4 g6 18. Bc4 Kg7 19. Rae1 Bb8 20.
h3 Bc8 21. Bb3 a5 22. a3 exd4 23. cxd4 Ba7 24. Rd1 Be6 25. Nf5+ Bxf5 26.
exf5 Qd6 27. f6+ Kh7 28. Qf4 Bxd4 29. Qg4 c5 30. Bc4 Qb6 31. Rd3 Rd6 32.
Rdf3 Rxf6 33. Rxf6 Bxf6 34. Qd7 Kg7 35. b3 h5 36. a4 h4 37. Bd5 Qb4 38.
Qxb7 Qxb7 39. Bxb7 Rd8 40. Ba6 Be5 41. Bc4 f5 42. Kg1 Bg3 43. Rc1 Rd2 44.
Kf1 Be5 45. Re1 Bg3 46. Rc1 Rf2+ 47. Kg1 Rb2 48. Rd1 Bf2+ 49. Kh1 Kf6 50.
Rf1 Rd2 51. Bb5 Ke5 52. Bc4 g5 53. Bb5 g4 54. hxg4 fxg4 55. Ba6 Rb2 56. Bc4
Kd4 57. Rd1+ Kc3 58. Rc1+ Kb4 59. Be6 g3 60. Bd5 Bd4 61. Rc4+ Ka3 62. Rc1
h3 0-1

[Event "11th WUCC Men"]
[Site "Zuerich SUI"]
[Date "2010.09.07"]
[Round "4"]
[White "Popovic,Du"]
[Black "Burg,T"]
[Result "1/2-1/2"]
[WhiteElo "2565"]
[BlackElo "2455"]
[EventDate "2010.09.05"]

1. e4 c5 2. Nf3 d6 3. d4 cxd4 4. Qxd4 Nc6 5. Bb5 Bd7 6. Bxc6 Bxc6 7. Nc3
Nf6 8. Bg5 e6 9. O-O-O Be7 10. Rhe1 O-O 11. Qd2 h6 12. Bf4 e5 13. Bg3 Bd7
14. Bh4 g5 15. Bg3 Be6 16. Nxg5 hxg5 17. Qxg5+ Kh7 18. Bxe5 Rg8 19. Qh4+
Kg6 20. Qg3+ Kh5 21. Qe3 Ng4 22. Qe2 Kg6 23. Bg3 Rc8 24. f4 Kh7 25. Nd5
Bxd5 26. Rxd5 Rc5 27. Rxc5 dxc5 28. Rd1 Qc8 29. h3 Nh6 30. Be1 Rd8 31. Rxd8
Qxd8 32. g4 1/2-1/2

[Event "11th WUCC Men"]
[Site "Zuerich SUI"]
[Date "2010.09.07"]
[Round "4"]
[White "Kuipers,S"]
[Black "Papin,V"]
[Result "1/2-1/2"]
[WhiteElo "2370"]
[BlackElo "2534"]
[EventDate "2010.09.05"]

1. e4 c5 2. Nf3 a6 3. c3 d5 4. exd5 Qxd5 5. d4 Nf6 6. Be2 cxd4 7. cxd4 e6
8. Nc3 Qd6 9. O-O Nc6 10. Bg5 Be7 11. Qd2 O-O 12. Rfd1 Nd5 13. Ne4 Qd8 14.
Bxe7 Ncxe7 15. Rac1 b6 16. Bd3 Bb7 17. Bb1 Nf5 18. Ng3 Nxg3 19. hxg3 Qe7
20. Ne5 Rac8 21. a3 Rfd8 22. Rxc8 Rxc8 23. Rc1 Rxc1+ 24. Qxc1 Nf6 25. Bd3
Qd6 26. Be2 h6 27. Qf4 Qc7 28. Kh2 Nd5 29. Qd2 Nf6 30. Qf4 Nd5 31. Qd2 Nf6
32. Qf4 1/2-1/2

[Event "11th WUCC Men"]
[Site "Zuerich SUI"]
[Date "2010.09.07"]
[Round "4"]
[White "Nestorovic,N"]
[Black "Benidze,D"]
[Result "0-1"]
[WhiteElo "2420"]
[BlackElo "2504"]
[EventDate "2010.09.05"]

1. e4 c6 2. d4 d5 3. Nc3 dxe4 4. Nxe4 Bf5 5. Ng3 Bg6 6. Nf3 Nd7 7. h4 h6 8.
h5 Bh7 9. Bd3 Bxd3 10. Qxd3 Ngf6 11. Bd2 e6 12. O-O-O Qc7 13. Ne4 O-O-O 14.
g3 Nxe4 15. Qxe4 Nf6 16. Qe2 Bd6 17. Kb1 c5 18. dxc5 Bxc5 19. Bf4 Bd6 20.
Bxd6 Rxd6 21. Rxd6 Qxd6 22. Rd1 Qc7 23. Rd3 Kb8 24. Ne5 Nd5 25. c4 Rc8 26.
Rd1 Nb6 27. b3 f6 28. Nd3 e5 29. Nb4 Rd8 30. Rxd8+ Qxd8 31. c5 a5 32. Nd3
Nd5 33. Kb2 Nb4 34. Nxb4 Qd4+ 35. Kb1 axb4 36. Qb5 Qd1+ 37. Kb2 Qd2+ 38.
Kb1 Qe1+ 39. Kb2 Qxf2+ 40. Kb1 Qe1+ 41. Kb2 Qd2+ 42. Kb1 Qd1+ 43. Kb2 Qd4+
44. Kb1 e4 45. c6 b6 46. Qa6 Qd1+ 47. Kb2 Qd2+ 48. Kb1 Qe1+ 0-1

[Event "11th WUCC Men"]
[Site "Zuerich SUI"]
[Date "2010.09.07"]
[Round "4"]
[White "Pruijssers,R"]
[Black "Panjwani,R"]
[Result "1-0"]
[WhiteElo "2483"]
[BlackElo "2429"]
[EventDate "2010.09.05"]

1. e4 c5 2. Nf3 Nc6 3. d4 cxd4 4. Nxd4 Qc7 5. Nc3 e6 6. Be3 a6 7. Qd2 Nf6
8. O-O-O Bb4 9. f3 Ne7 10. Nb3 d5 11. Kb1 Bxc3 12. bxc3 dxe4 13. Bf4 Qd7
14. Qe1 Nfd5 15. Be5 f6 16. fxe4 fxe5 17. exd5 Nxd5 18. Bc4 Qd6 19. Rf1 b5
20. Bxd5 exd5 21. Qe3 Be6 22. Rfe1 O-O-O 23. Qa7 Rhf8 24. Nc5 Rf7 25. Qa8+
Kc7 26. Qb7+ 1-0

[Event "11th WUCC Men"]
[Site "Zuerich SUI"]
[Date "2010.09.07"]
[Round "4"]
[White "Pitra,Andika"]
[Black "Swinkels,R"]
[Result "1-0"]
[WhiteElo "2283"]
[BlackElo "2478"]
[EventDate "2010.09.05"]

1. e4 c5 2. Nf3 d6 3. d4 cxd4 4. Nxd4 Nf6 5. Nc3 Nc6 6. Bg5 e6 7. Qd2 a6 8.
O-O-O Bd7 9. f3 Be7 10. Be3 h5 11. Kb1 Qc7 12. Nxc6 Bxc6 13. Ne2 d5 14. e5
Nd7 15. f4 Bb5 16. Nd4 Bxf1 17. Rhxf1 g6 18. Qf2 b5 19. Rd3 b4 20. f5 gxf5
21. Nxf5 Nxe5 22. Nxe7 Qxe7 23. Rd4 Ng4 24. Qe1 Nxe3 25. Qxe3 a5 26. Qf2
Ra6 27. Qg3 Rd6 28. c4 bxc3 29. Qxc3 Rg8 30. g3 Rg4 31. Rdf4 d4 32. Qxa5
Rxf4 33. gxf4 Rd5 34. Qa8+ Rd8 35. Qc6+ Kf8 36. f5 d3 37. fxe6 d2 38. Kc2
Qg5 39. Rxf7+ Kg8 40. Rd7 d1=Q+ 41. Kxd1 Rf8 42. Rd2 Rf1+ 43. Ke2 Rf5 44.
Qc8+ Rf8 45. Qc4 Qg2+ 46. Kd1 Qg1+ 47. Kc2 Qg6+ 48. Rd3 Qg2+ 49. Rd2 Qg6+
50. Qd3 Rc8+ 51. Kb1 Qg5 52. e7 Qg1+ 53. Rd1 1-0

[Event "11th WUCC Men"]
[Site "Zuerich SUI"]
[Date "2010.09.07"]
[Round "4"]
[White "Mekhitarian,K"]
[Black "Erdene,G"]
[Result "1/2-1/2"]
[WhiteElo "2550"]
[BlackElo "2323"]
[EventDate "2010.09.05"]

1. e4 c6 2. d4 d5 3. e5 Bf5 4. Nf3 e6 5. Be2 Nd7 6. O-O Bg6 7. Nbd2 Ne7 8.
Nh4 Nf5 9. Nxg6 fxg6 10. Nf3 Be7 11. c4 O-O 12. cxd5 cxd5 13. Qb3 Qb6 14.
Qa4 Nb8 15. Bd2 Nc6 16. Bc3 Rac8 17. a3 a6 18. Rac1 Qa7 19. Qd1 Qb6 20. Qd2
Qd8 21. g4 Nh4 22. Nxh4 Bxh4 23. f4 Rc7 24. Rf3 Rcf7 25. Rcf1 Qd7 26. Bd3
Bd8 27. Kg2 Bb6 28. Bb1 Qd8 29. Kh3 Ba5 30. b4 Bb6 31. Kg3 Ba7 32. f5 Qb6
33. fxe6 Rxf3+ 34. Rxf3 Rxf3+ 35. Kxf3 Nxd4+ 36. Bxd4 Qxd4 37. Qxd4 Bxd4
38. Ba2 Kf8 39. Bxd5 b6 40. Ke4 Bb2 41. a4 Ba3 42. Bc4 Bxb4 43. Bxa6 Ke7
44. Kd5 Be1 45. h3 1/2-1/2

[Event "11th WUCC Men"]
[Site "Zuerich SUI"]
[Date "2010.09.07"]
[Round "4"]
[White "Purnama,T"]
[Black "Ponkratov,P"]
[Result "0-1"]
[WhiteElo "2400"]
[BlackElo "2592"]
[EventDate "2010.09.05"]

1. d4 d5 2. c4 c6 3. Nf3 Nf6 4. Qc2 g6 5. e3 Bg7 6. Bd3 O-O 7. O-O dxc4 8.
Bxc4 c5 9. dxc5 Bf5 10. Qe2 Qc7 11. Nbd2 Qxc5 12. e4 Bc8 13. e5 Ng4 14. Re1
Nc6 15. Nb3 Qb6 16. Bf4 a5 17. Rad1 a4 18. Nbd4 Nxd4 19. Rxd4 Nh6 20. Red1
Nf5 21. R4d2 a3 22. bxa3 Ra4 23. Ng5 h6 24. Ne4 Rxa3 25. Bb3 Be6 26. g4 Nh4
27. Be3 Qc6 28. Bc5 Bxb3 29. Bxa3 Bxd1 30. Rxd1 Re8 31. f4 f5 32. gxf5 gxf5
33. Ng3 Ra8 34. Bxe7 Ng6 35. Bd6 Nxf4 36. Qb2 Kh8 37. Rc1 Qf3 0-1

[Event "11th WUCC Men"]
[Site "Zuerich SUI"]
[Date "2010.09.07"]
[Round "4"]
[White "Poobalasingam,P"]
[Black "Markos,J"]
[Result "0-1"]
[WhiteElo "2330"]
[BlackElo "2566"]
[EventDate "2010.09.05"]

1. d4 Nf6 2. c4 e6 3. g3 Bb4+ 4. Bd2 c5 5. Bxb4 cxb4 6. Bg2 O-O 7. e4 d6 8.
Ne2 e5 9. O-O Bg4 10. f3 Bd7 11. a3 Qc7 12. Qd3 Nc6 13. d5 Na5 14. Rc1 Qb6+
15. Kh1 b3 16. Nd2 Rac8 17. Rc3 Ba4 18. Bh3 Nd7 19. Bxd7 Bxd7 20. Nxb3 Nxc4
21. Rxc4 Rxc4 22. Qxc4 Rc8 23. Qb4 Qf2 24. Qd2 Rc2 25. Qa5 b6 26. Qxa7 Qxe2
0-1

[Event "11th WUCC Men"]
[Site "Zuerich SUI"]
[Date "2010.09.07"]
[Round "4"]
[White "Otte,Mari"]
[Black "Sulashvili,M"]
[Result "0-1"]
[WhiteElo "2264"]
[BlackElo "2500"]
[EventDate "2010.09.05"]

1. e4 c6 2. d4 d5 3. e5 Bf5 4. c3 e6 5. Be3 Nd7 6. f4 f6 7. Nf3 Qb6 8. Qb3
g5 9. exf6 g4 10. f7+ Kxf7 11. Ne5+ Nxe5 12. fxe5 h5 13. Nd2 Be7 14. Be2
Kg6 15. h4 Nh6 16. g3 Rac8 17. O-O Rhf8 18. Rf4 Rfd8 19. Raf1 c5 20. Kh2 c4
21. Qxb6 axb6 22. a3 Ra8 23. R4f2 Rf8 24. Bd1 b5 25. Kg1 Rac8 26. Re1 Bd3
27. Bxh6 Rxf2 28. Kxf2 Kxh6 29. Be2 Bg6 30. Rf1 Kh7 31. Ke1 Ra8 32. Bd1 Re8
33. Rf2 Bf8 34. Nf1 Bh6 35. Bc2 Bxc2 36. Rxc2 Rf8 37. Nh2 Be3 38. Re2 Bg1
39. Nf1 Rf3 40. Rg2 Be3 41. Nh2 Rf8 42. Re2 Bh6 43. Kd1 Kg6 44. Rg2 Rf7 45.
Ke2 Rf5 46. Rg1 Rf8 47. Rb1 Kf5 48. b3 Ke4 49. bxc4 bxc4 50. Rf1 Rxf1 51.
Nxf1 b5 0-1

[Event "11th WUCC Men"]
[Site "Zuerich SUI"]
[Date "2010.09.07"]
[Round "4"]
[White "Roganovic,Milo"]
[Black "Kumar,Ve"]
[Result "1-0"]
[WhiteElo "2497"]
[BlackElo "1983"]
[EventDate "2010.09.05"]

1. e4 e5 2. Nf3 Nc6 3. Bb5 a6 4. Ba4 f5 5. d4 exd4 6. e5 Bc5 7. O-O Nge7 8.
c3 dxc3 9. Nxc3 d6 10. Bg5 h6 11. Bxe7 Qxe7 12. b4 Ba7 13. exd6 Qxd6 14.
Qe2+ Kf7 15. Rfe1 Be6 16. Rad1 Qe7 17. Bxc6 bxc6 18. Ne5+ 1-0

[Event "11th WUCC Men"]
[Site "Zuerich SUI"]
[Date "2010.09.07"]
[Round "4"]
[White "Kurmann,O"]
[Black "Munkhgal,G"]
[Result "1/2-1/2"]
[WhiteElo "2452"]
[BlackElo "2288"]
[EventDate "2010.09.05"]

1. e4 e6 2. d4 d5 3. Nd2 a6 4. Ngf3 c5 5. exd5 exd5 6. dxc5 Bxc5 7. Bd3 Nf6
8. O-O O-O 9. Nb3 Ba7 10. Re1 Nc6 11. Be3 Bg4 12. Bxa7 Rxa7 13. Be2 Ne4 14.
Nfd4 Bxe2 15. Qxe2 Qb6 16. c3 Raa8 17. f3 Nd6 18. Qf2 Nc4 19. Rab1 N6e5 20.
Red1 Rfe8 21. Nc2 Qg6 22. Nb4 Rad8 23. Qg3 Qb6+ 24. Qf2 Ne3 25. Re1 N5c4
26. Nd4 a5 27. Nd3 Qg6 28. Nf4 Qh6 29. Qg3 Re5 30. Re2 Qf6 31. Rbe1 Rde8
32. b3 Nd6 33. Nxd5 Rxd5 34. Rxe3 Rxe3 35. Rxe3 h5 36. a4 Rg5 37. Qf2 h4
38. h3 Qf4 39. Re1 Rg6 40. c4 b6 41. Rd1 Ne8 42. Ne2 Qf6 43. Qe3 Nc7 44.
Nf4 Rg5 45. Qd4 Rf5 46. Qxf6 Rxf6 47. Nd5 Nxd5 48. cxd5 Kf8 49. Kf2 Ke7 50.
Ke3 Kd6 51. Ke4 Rg6 52. Rd2 Rg5 53. f4 Rg3 54. Rb2 Rc3 55. Kd4 Rc5 56. b4
Rxd5+ 57. Ke4 Kc7 58. Ke3 axb4 59. Rxb4 Kc6 60. Rc4+ Rc5 61. Kd4 Rxc4+ 62.
Kxc4 Kd6 63. Kd4 1/2-1/2

[Event "11th WUCC Men"]
[Site "Zuerich SUI"]
[Date "2010.09.07"]
[Round "4"]
[White "Hindermann,F"]
[Black "Ahmadinia,E"]
[Result "0-1"]
[WhiteElo "2303"]
[BlackElo "2436"]
[EventDate "2010.09.05"]

1. e4 g6 2. d4 Bg7 3. Nc3 d6 4. f4 a6 5. Nf3 b5 6. Bd3 Nd7 7. e5 c5 8. Ng5
Nh6 9. e6 Nf6 10. dxc5 Bxe6 11. Nxe6 fxe6 12. Qe2 Kf7 13. a4 b4 14. Ne4
Nxe4 15. Qxe4 dxc5 16. Bc4 Qd6 17. g4 Nxg4 18. f5 Qe5 19. fxe6+ Kg8 20. Qe2
Bf6 21. O-O h5 22. Qxe5 Bxe5 23. h3 Nf6 24. Be3 Bxb2 25. Rad1 Bd4 26. Bxd4
cxd4 27. Rxd4 Kg7 28. a5 Rhc8 29. Bd3 Rab8 30. Re1 Rc5 31. Ra1 Rc6 32. Bc4
Ne8 33. Ra4 Nd6 34. Bb3 Rc5 35. Kh2 Kf6 36. Ra1 Rbb5 37. Rf1+ Rf5 38. Re1
Rbe5 39. Red1 Re2+ 40. Kg1 Rg5+ 41. Kf1 Rh2 42. Rxb4 Rxa5 43. Kg1 Rxh3 44.
Rxd6 exd6 45. Rb6 Rxb3 0-1

[Event "11th WUCC Men"]
[Site "Zuerich SUI"]
[Date "2010.09.07"]
[Round "4"]
[White "Viela,A"]
[Black "Pacher,M"]
[Result "1/2-1/2"]
[WhiteElo "2224"]
[BlackElo "2449"]
[EventDate "2010.09.05"]

1. e4 c5 2. c3 d5 3. exd5 Qxd5 4. d4 Nf6 5. Nf3 Bg4 6. Be2 e6 7. O-O Nc6 8.
Be3 cxd4 9. cxd4 Be7 10. Nc3 Qd6 11. Qb3 O-O 12. Rfd1 Rfd8 13. Rac1 a6 14.
h3 Bh5 15. a3 b5 16. Qc2 Rac8 17. Qd2 Qb8 18. Bf4 Qb6 19. g4 Bg6 20. b4 Ne4
21. Nxe4 Bxe4 22. Qe3 Bd5 23. Ne5 a5 24. Nxc6 Rxc6 25. Rxc6 Bxc6 26. d5
Qxe3 27. Bxe3 exd5 28. Bb6 Re8 29. Bxa5 Bxb4 30. Bxb5 Bxb5 31. axb4 Bc4
1/2-1/2

[Event "11th WUCC Men"]
[Site "Zuerich SUI"]
[Date "2010.09.07"]
[Round "4"]
[White "Nadj Hedjesi,B"]
[Black "Gaehler,M"]
[Result "0-1"]
[WhiteElo "2407"]
[BlackElo "2289"]
[EventDate "2010.09.05"]

1. e4 e6 2. Nf3 d5 3. e5 Bd7 4. a3 a5 5. d4 c5 6. dxc5 Bxc5 7. c4 Ne7 8.
Nc3 Bc6 9. cxd5 Nxd5 10. Ne4 Nd7 11. Bd3 Qb6 12. O-O h6 13. Nxc5 Nxc5 14.
Bc2 Bb5 15. Re1 Bc4 16. Nd4 Nd3 17. Re4 Nxb2 18. Qg4 Bd3 19. Rb1 Bxe4 20.
Qxe4 Nc3 21. Rxb2 Qxb2 22. Bxb2 Nxe4 23. Bxe4 O-O 24. Kf1 Rac8 25. Ke2 Rc5
26. f4 Rfc8 27. Kd2 a4 28. Bd3 b5 29. Nc2 g5 30. g3 gxf4 31. gxf4 Rd8 32.
Ke3 f5 33. exf6 Rh5 34. Nd4 Rxh2 35. Bc3 Rh3+ 36. Ke4 Kf7 37. Bb4 Kxf6 38.
Bxb5 Rg8 39. Nf3 Rgg3 40. Be2 Rg8 41. Bf1 Rh1 42. Bb5 Rc8 43. Ne5 h5 44.
Bxa4 Rb1 45. Bc6 h4 46. Ng4+ Kf7 47. Ne5+ Kg7 48. Bd7 h3 49. Nf3 Rc4+ 50.
Ke5 Rb3 51. Nh2 Rc2 52. Ng4 Rg3 53. Bxe6 Re2+ 54. Kf5 Rxe6 55. Kxe6 Rxg4
56. Bc3+ Kg8 0-1

[Event "11th WUCC Men"]
[Site "Zuerich SUI"]
[Date "2010.09.07"]
[Round "4"]
[White "Carron,J"]
[Black "Surya,W"]
[Result "0-1"]
[WhiteElo "2394"]
[BlackElo "2233"]
[EventDate "2010.09.05"]

1. d4 d5 2. Nf3 Nf6 3. c4 e6 4. g3 dxc4 5. Bg2 c5 6. O-O Nc6 7. Na3 cxd4 8.
Nxc4 Be7 9. Qb3 Nd7 10. Bf4 O-O 11. Rfd1 Nc5 12. Qc2 f6 13. b4 Nxb4 14. Qb2
Na4 15. Qb3 Nc3 16. Rd2 Ncd5 17. Nxd4 Nxf4 18. gxf4 Qc7 19. f5 Kh8 20. fxe6
Na6 21. Bd5 Qf4 22. Qg3 Qxg3+ 23. hxg3 Nc7 24. e4 Bc5 25. Rc1 Bxd4 26. e7
Re8 27. Rxd4 Rxe7 28. Nd6 Bh3 29. Nf7+ Kg8 30. Rxc7 Rxc7 31. Ng5+ Kf8 32.
Nxh3 g5 33. g4 Rd8 34. Rb4 b6 35. Rb2 Rdc8 36. Kg2 Rc2 37. Rxc2 Rxc2 38.
Ng1 b5 39. Nf3 a5 40. Nd4 Rb2 41. Kf3 a4 42. Ke3 b4 43. Ne6+ Ke7 44. Nc5 b3
45. a3 Rc2 46. Nxa4 b2 47. Nxb2 Rxb2 48. a4 Rb4 49. Bc6 Kd6 50. Be8 Ke5 51.
Bc6 Rc4 52. Bb5 Rxe4+ 53. Kf3 Rb4 54. Kg3 Rb3+ 55. f3 Ra3 56. Bc6 Kd4 57.
Kg2 Ke3 58. Kg3 Ra1 59. Kg2 Kf4 60. Kf2 Ra2+ 61. Kf1 Ke3 62. Kg1 Kd4 63.
Bd7 h6 64. Kf1 Ke3 65. Bc6 Rc2 66. Bd5 Rc5 67. Bb7 f5 68. Kg2 fxg4 69. fxg4
Kf4 0-1

[Event "11th WUCC Men"]
[Site "Zuerich SUI"]
[Date "2010.09.07"]
[Round "4"]
[White "Herath,H"]
[Black "Bueno,Alfe"]
[Result "0-1"]
[WhiteElo "1884"]
[BlackElo "2292"]
[EventDate "2010.09.05"]

1. d4 e6 2. c4 f5 3. g3 d5 4. Bg2 c6 5. Nc3 Bd6 6. Nh3 Nf6 7. Bf4 Be7 8.
Rc1 O-O 9. O-O dxc4 10. Re1 Bb4 11. a3 Ba5 12. Bg5 Nbd7 13. Nf4 Qe8 14. e4
fxe4 15. Bxe4 Nxe4 16. Nxe4 Nb6 17. Nd6 Qd7 18. Nxc8 Raxc8 19. Rxe6 h6 20.
Bh4 Rxf4 21. Re7 Qg4 22. Qxg4 Rxg4 23. f4 Bd2 24. Rf1 Rb8 25. h3 Rg6 26. g4
Rd6 27. f5 Bg5 28. Bxg5 hxg5 29. Rd1 Kf8 30. Re4 Rbd8 31. h4 gxh4 32. g5 c5
33. Rxh4 Kf7 34. Rh7 Rxd4 35. g6+ Kf6 36. Re1 Rd1 37. Kf1 R8d2 38. Rh8 Kxf5
0-1

[Event "11th WUCC Men"]
[Site "Zuerich SUI"]
[Date "2010.09.07"]
[Round "4"]
[White "Botvinnik,M ISR"]
[Black "Costa,JoaoG"]
[Result "1-0"]
[WhiteElo "2337"]
[BlackElo "2186"]
[EventDate "2010.09.05"]

1. e4 c5 2. Nf3 e6 3. d3 d5 4. Nbd2 Nf6 5. g3 Nc6 6. Bg2 Be7 7. O-O b6 8.
Re1 dxe4 9. dxe4 e5 10. Nc4 Qc7 11. Nfxe5 Nxe5 12. Bf4 Nfd7 13. Nxe5 g5 14.
Nxd7 gxf4 15. Nf6+ Bxf6 16. e5 Bg7 17. Bxa8 O-O 18. gxf4 Kh8 19. Qf3 Bh6
20. Kh1 Qe7 21. Be4 f6 22. e6 Qxe6 23. Bb7 Qf5 24. Bxc8 Qxc8 25. Re4 Rg8
26. Rg1 Rd8 27. Rge1 Rg8 28. Rg1 Rd8 29. Qe2 Qd7 30. f3 Qc6 31. Re6 Qd7 32.
Qe4 f5 33. Qxf5 Rf8 34. Qe5+ Bg7 35. Re7 Bxe5 36. Rxd7 Bxb2 37. Rxa7 Bd4
38. Re1 Rg8 39. h3 1-0

[Event "11th WUCC Men"]
[Site "Zuerich SUI"]
[Date "2010.09.07"]
[Round "4"]
[White "Kalugampitiya,R"]
[Black "Kukov,V"]
[Result "1/2-1/2"]
[WhiteElo "2095"]
[BlackElo "2395"]
[EventDate "2010.09.05"]

1. e4 c6 2. d4 d5 3. e5 Na6 4. c3 Nc7 5. Bd3 g6 6. Ne2 Bg7 7. O-O Nh6 8.
Ng3 O-O 9. Nd2 f6 10. f4 b6 11. Nf3 Ba6 12. f5 Nxf5 13. Nxf5 gxf5 14. Bxa6
Nxa6 15. e6 Nc7 16. Qe2 Qc8 17. Re1 f4 18. Bxf4 f5 19. Ng5 Rf6 20. Be5 Rg6
21. Qh5 Bh6 22. Nf7 Bd2 23. Nh8 Rg7 24. Bxg7 Kxg7 25. Re2 Kxh8 26. Rxd2
Qxe6 27. Re2 Qf6 28. Rf1 e6 29. g4 Rg8 30. Kh1 Ne8 31. g5 Qg6 32. Qxg6 Rxg6
1/2-1/2

[Event "11th WUCC Men"]
[Site "Zuerich SUI"]
[Date "2010.09.07"]
[Round "4"]
[White "Meier,P SEY"]
[Black "Hoffmann,Pau"]
[Result "0-1"]
[WhiteElo "2047"]
[BlackElo "2372"]
[EventDate "2010.09.05"]

1. d4 Nf6 2. c4 e6 3. g3 Bb4+ 4. Bd2 a5 5. Bg2 O-O 6. Nf3 d5 7. O-O c6 8.
Qc2 Nbd7 9. Bf4 dxc4 10. a3 Be7 11. Qxc4 Qb6 12. Nc3 Nd5 13. Bc1 Qa6 14.
Qa2 N7b6 15. e4 Nxc3 16. bxc3 c5 17. Rd1 Bd7 18. Ne5 Ba4 19. Re1 c4 20. Be3
Bb3 21. Qd2 Na4 22. f4 b5 23. d5 exd5 24. exd5 Bd6 25. Nc6 Nc5 26. Bd4 Ba4
27. Qe3 Nb3 28. Ra2 Nxd4 29. Qxd4 Rae8 30. Re4 Rxe4 31. Qxe4 Bb3 32. Ra1
Qb6+ 33. Kh1 Qf2 34. f5 Bc2 35. Ne7+ Kh8 36. Qh4 Bd3 37. Be4 Be2 38. Nc6
Bf3+ 39. Bxf3 Qxf3+ 40. Kg1 Bc5+ 41. Nd4 Qxf5 42. d6 Qd7 43. Rb1 b4 44.
axb4 axb4 45. Qe7 Qxe7 46. dxe7 Re8 47. Kf1 bxc3 48. Nc6 Ba3 49. Nd4 Bxe7
50. Rc1 Bf6 51. Ne2 h5 52. Nxc3 Bxc3 53. Rxc3 Rc8 54. h4 g6 55. Kf2 Kg7 56.
Kf3 Kf6 57. Kf4 Rc7 58. Ke4 Ke6 59. Kd4 Kf5 60. Kd5 Rd7+ 61. Kc6 Rd3 62.
Rxc4 Rxg3 63. Kd7 Rg4 64. Rc5+ Kf6 65. Rc6+ Kg7 0-1

[Event "11th WUCC Men"]
[Site "Zuerich SUI"]
[Date "2010.09.07"]
[Round "4"]
[White "Soozankar,Amohammad"]
[Black "Wyss,J"]
[Result "0-1"]
[WhiteElo "2299"]
[BlackElo "2270"]
[EventDate "2010.09.05"]

1. d4 Nf6 2. Nc3 d5 3. Nf3 g6 4. Bf4 Bg7 5. Qd2 Ne4 6. Nxe4 dxe4 7. Ng5 h6
8. Nxe4 g5 9. Be5 f6 10. Bg3 f5 11. Nxg5 hxg5 12. Qxg5 Kf7 13. e3 Be6 14.
Be2 c6 15. h4 Nd7 16. h5 Bf6 17. Qg6+ Kf8 18. Bf4 Qa5+ 19. c3 Bf7 20. Qg3
Qb6 21. O-O-O Bxa2 22. c4 Bb3 23. Qg6 Qa5 24. Bd3 Bxd1 25. Bh6+ Rxh6 26.
Qxh6+ Bg7 27. Qe6 Be2 28. h6 Bh8 29. Bxf5 Qa1+ 30. Kc2 Qxh1 31. Bg6 Qd1+
32. Kc3 Qc1+ 33. Kb3 Nc5+ 0-1

[Event "11th WUCC Men"]
[Site "Zuerich SUI"]
[Date "2010.09.07"]
[Round "4"]
[White "Akkozov,B"]
[Black "Koggala,W"]
[Result "1-0"]
[WhiteElo "2283"]
[BlackElo "2026"]
[EventDate "2010.09.05"]

1. d4 Nf6 2. Nf3 c5 3. d5 g6 4. c4 b5 5. Nbd2 Qa5 6. Qc2 Na6 7. e4 Nb4 8.
Qb1 bxc4 9. Bxc4 Ba6 10. O-O Bxc4 11. Nxc4 Qb5 12. b3 Bg7 13. Bb2 d6 14. a3
Na6 15. Bc3 O-O 16. Qb2 Rfb8 17. Nfd2 Nh5 18. f4 Nc7 19. f5 Bxc3 20. Qxc3
Qd7 21. a4 Nf6 22. Qd3 Rb4 23. Rf3 Rab8 24. Raf1 Rf8 25. Qe2 Rbb8 26. Kh1
Kg7 27. Na5 Ng4 28. Nc6 Rb7 29. Nc4 Na6 30. fxg6 hxg6 31. h3 Nf6 32. Nxd6
exd6 33. Rxf6 Rxb3 34. Qxa6 Rxh3+ 35. Kg1 Qg4 36. Qb7 Rg3 37. Rxf7+ Rxf7
38. Rxf7+ Kh6 39. Rh7+ Kg5 40. Qe7+ Kf4 41. Qxd6+ Ke3 42. Qxg3+ Qxg3 43.
Rh3 1-0

[Event "11th WUCC Men"]
[Site "Zuerich SUI"]
[Date "2010.09.08"]
[Round "5"]
[White "Khmelniker,I"]
[Black "Jumabayev,R"]
[Result "1-0"]
[WhiteElo "2483"]
[BlackElo "2547"]
[EventDate "2010.09.05"]

1. d4 e6 2. Nf3 Nf6 3. c4 d5 4. Nc3 c6 5. e3 Nbd7 6. Bd3 dxc4 7. Bxc4 b5 8.
Bd3 a6 9. e4 c5 10. e5 cxd4 11. Nxb5 axb5 12. exf6 gxf6 13. O-O Qb6 14. Qe2
Ba6 15. a4 bxa4 16. Rxa4 Bb7 17. Rxd4 Bc5 18. Rh4 Ke7 19. Be4 Ba6 20. Bd3
Bb7 21. b4 Bxb4 22. Be3 Bxf3 23. Qxf3 Bc5 24. Rb1 Qd6 25. Bxc5 Nxc5 26. Bf1
Ra7 27. Rh5 Nd7 28. Rhb5 Rc8 29. Rd1 Qc6 30. Qf4 Ra2 31. Qb4+ Ke8 32. Rb7
Qc5 33. Qb5 Qxf2+ 34. Kh1 Rd2 35. Rxd7 Rxd1 36. Rd2+ 1-0

[Event "11th WUCC Men"]
[Site "Zuerich SUI"]
[Date "2010.09.08"]
[Round "5"]
[White "Lysyj,I"]
[Black "Pitra,Andika"]
[Result "1-0"]
[WhiteElo "2638"]
[BlackElo "2283"]
[EventDate "2010.09.05"]

1. d4 d6 2. Nf3 f5 3. g3 Nf6 4. Bg2 g6 5. b3 Bg7 6. Bb2 O-O 7. O-O Ne4 8.
Nbd2 Nc6 9. Ne1 Nxd2 10. Qxd2 e5 11. Bd5+ Kh8 12. Bxc6 bxc6 13. dxe5 dxe5
14. Rd1 Qe8 15. Qa5 f4 16. Nf3 Bg4 17. Rfe1 fxg3 18. hxg3 Qf7 19. Bxe5 Rae8
20. Bxg7+ Qxg7 21. Qxa7 Re4 22. Qc5 Rfe8 23. Rd3 Qh6 24. Ng5 1-0

[Event "11th WUCC Men"]
[Site "Zuerich SUI"]
[Date "2010.09.08"]
[Round "5"]
[White "Jurcik,Mari"]
[Black "Nikolov,Mo"]
[Result "1/2-1/2"]
[WhiteElo "2466"]
[BlackElo "2549"]
[EventDate "2010.09.05"]

1. e4 c5 2. Nf3 e6 3. d4 cxd4 4. Nxd4 a6 5. Bd3 Nf6 6. O-O Qc7 7. Qe2 d6 8.
c4 g6 9. Nc3 Bg7 10. Nf3 O-O 11. Bf4 Nh5 12. Bd2 b6 13. Rac1 Bb7 14. Rfd1
Nd7 15. Bg5 Rac8 16. Qe3 Rfe8 17. Be2 Bf8 18. Bh6 Be7 19. Bg5 Bf8 20. Bh6
Be7 21. Bg5 Bf8 1/2-1/2

[Event "11th WUCC Men"]
[Site "Zuerich SUI"]
[Date "2010.09.08"]
[Round "5"]
[White "Ismagambetov,An"]
[Black "Miljkovic,Mir1"]
[Result "1-0"]
[WhiteElo "2492"]
[BlackElo "2510"]
[EventDate "2010.09.05"]

1. e4 c5 2. Nf3 Nc6 3. d4 cxd4 4. Nxd4 Nf6 5. Nc3 e5 6. Ndb5 d6 7. Bg5 a6
8. Na3 b5 9. Nd5 Be7 10. Bxf6 Bxf6 11. c4 b4 12. Nc2 O-O 13. Be2 a5 14. O-O
Bg5 15. Qd3 Be6 16. Rfd1 Bxd5 17. cxd5 Nb8 18. Ne3 Bxe3 19. Qxe3 Nd7 20.
Rac1 Nc5 21. Rxc5 dxc5 22. d6 Qb6 23. Bc4 Rad8 24. Qd2 Qc6 25. Qd3 Kh8 26.
f4 exf4 27. e5 Qd7 28. h3 g6 29. Kf2 Kg7 30. Qe4 Rfe8 31. Kf3 Re6 32. Bxe6
Qxe6 33. Rd5 f6 34. Kxf4 fxe5+ 35. Qxe5+ Qxe5+ 36. Kxe5 Re8+ 37. Kf4 Rd8
38. Ke3 Kf6 39. d7 Ke6 40. Rxc5 Rxd7 41. Rxa5 Rd1 42. Ra4 Ra1 43. b3 g5 44.
Ke4 Re1+ 45. Kf3 Rf1+ 46. Kg4 Rg1 47. g3 h5+ 48. Kxg5 Rxg3+ 49. Kh4 Rg2 50.
Kxh5 Kd5 51. h4 1-0

[Event "11th WUCC Men"]
[Site "Zuerich SUI"]
[Date "2010.09.08"]
[Round "5"]
[White "Benidze,D"]
[Black "Pruijssers,R"]
[Result "1-0"]
[WhiteElo "2504"]
[BlackElo "2483"]
[EventDate "2010.09.05"]

1. d4 Nf6 2. c4 g6 3. Nc3 Bg7 4. e4 d6 5. f3 O-O 6. Be3 c6 7. Qd2 a6 8. Bd3
b5 9. Nge2 Nbd7 10. a3 e5 11. d5 cxd5 12. cxd5 Nb6 13. O-O Bd7 14. b3 Qb8
15. Na2 a5 16. Nac3 Nc8 17. a4 b4 18. Nb5 Ne8 19. Rfc1 Bf6 20. Ra2 Bd8 21.
Rac2 Bb6 22. Kh1 Bxe3 23. Qxe3 Qb6 24. Qd2 Na7 25. Nxa7 Rxa7 26. f4 f6 27.
Ng3 Kg7 28. h3 Rc7 29. f5 Rxc2 30. Rxc2 Qd4 31. Kh2 g5 32. Qe2 Rf7 33. Bb5
Qb6 34. Bxd7 Rxd7 35. Rc8 Rd8 36. Rc6 Qb7 37. Qc4 Rd7 38. Nf1 Qa7 39. Qb5
Rb7 40. Ra6 Qb8 41. Qxa5 Nc7 42. Rxd6 Nb5 43. Rd8 1-0

[Event "11th WUCC Men"]
[Site "Zuerich SUI"]
[Date "2010.09.08"]
[Round "5"]
[White "Ponkratov,P"]
[Black "Roganovic,Milo"]
[Result "1-0"]
[WhiteElo "2592"]
[BlackElo "2497"]
[EventDate "2010.09.05"]

1. e4 c5 2. Nf3 d6 3. d4 cxd4 4. Nxd4 Nf6 5. f3 Nc6 6. c4 e5 7. Nc2 Be7 8.
Be3 O-O 9. Nc3 Nh5 10. Qd2 f5 11. O-O-O Nf6 12. exf5 Bxf5 13. g4 Be6 14. g5
Nh5 15. Nd5 Rc8 16. Kb1 Nf4 17. h4 Bf5 18. Bxf4 exf4 19. Bd3 Bxd3 20. Qxd3
Ne5 21. Qb3 Rf7 22. Rd4 Qd7 23. Re1 Bd8 24. c5 dxc5 25. Nf6+ gxf6 26. Rxd7
Nxd7 27. Re8+ Kg7 28. h5 fxg5 29. h6+ Kg6 30. Qe6+ 1-0